000 01137nam a2200289 4500
001 0000018363
003 CO-CtgCURN
005 20250828213536.0
008 160627s2002 000 0 eng d
020 _a01218735
040 _aCO-CtgCURN
_bspa
_ccoctgcurn
082 0 _a342.861
_bR63n
100 1 _aRodríguez Ortega, Julio Armando.
245 1 3 _aEl nuevo constitucionalismo frente al estado y frente a los ciudadanos /
_cJulio Armando Rodríguez Ortega.
260 _aBogotá :
_bUniversidad Autonoma de Colombia,
_c2002.
300 _a223 p.
336 _2rdacontent
337 _2rdamedia
_asin mediacion
_bn
338 _2rdacarrier
_avolumen
_bnc
490 1 _aColección Ensayos
504 _aBibliografia (p. 221-223)
505 8 _aConstitucion, derecho constitucional y constitucionalismo.--El estado, su naturaleza y su legitimidad.--Estado de derecho y estado social de derecho.--Modernidad cultura y constitucionalismo
650 0 _aDerecho constitucional Colombia.
908 _a160627
942 _cBK
_h342.861
_iR63n
_2ddc
999 _c49964
_d49964
_x1